Psychológia investora na akciových trhoch dizertačná práca

Gespeichert in:
Bibliographische Detailangaben
1. Verfasser: Assad, Ali
Körperschaft: Národohospodárska fakulta EU. Katedra bankovníctva a medzinárodných financií
Weitere Verfasser: Horvátová, Eva, 1958-
Format: Buch
Sprache:Slowakisch
Veröffentlicht: Bratislava 2017
Schlagworte:
Tags: Tag hinzufügen
Keine Tags, Fügen Sie das erste Tag hinzu!

MARC

LEADER 00000nbm a2200000 4500
001 0240849
005 20230302104051.6
041 0 |a slo 
044 |a SK 
245 1 0 |a Psychológia investora na akciových trhoch  |b dizertačná práca  |c Ali Assad ; školiteľ: Eva Horvátová 
264 1 |a Bratislava  |c 2017 
300 |a 120 s. 
610 2 0 |a investori 
610 2 0 |a trh akciový 
610 2 0 |a psychológia 
610 2 0 |a stratégia investičná 
610 2 0 |a rozhodovanie 
610 2 0 |a riziko 
100 1 |a Assad, Ali 
700 1 |a Horvátová, Eva, 1958- 
710 2 |a Národohospodárska fakulta EU. Katedra bankovníctva a medzinárodných financií